000 00294nam a2200133 i 4500
001 bg
100 1 _aCOWAN, H.
245 0 _aModels in Architecture /
_cH. Cowan.
260 _aAmsterdam,
_c1968.
040 _cBPK
041 _apol
942 _cKS
008 s pl f |000 0 pol
999 _c12045
_d12045
856 _uhttp://koha.tu.koszalin.pl/cgi-bin/koha/opac-detail.pl?biblionumber=12045
_yKatalog online BPK